Datum a čas kvízu
24
Celkem bodů
Celkový počet nahraných bodů na tomto kvízu bez doplňovacích otázek.
3.
Pořadí na kvízu
Konečné umístění týmu na tomto kvízu.
Zaznamenané odpovědi
| # | Otázka | Odpověď | Body | Výsledky |
|---|---|---|---|---|
| 1. | Hlavní město Praha spouští nov... | 1 | ||
| 2. | Co navrhl úplně zakázat školák... | 1 | ||
| 3. | V pondělí byl neznámými útoční... | 0 | ||
| 4. | Firma, patřící do holdingu Agr... | 0 | ||
| 5. | Bývalému vynikajícímu hokejové... | 1 | ||
| 6. | Podíváme se na zvířata, která... | 1 | ||
| 7. | Na území kterého státu žije vě... | 0 | ||
| 8. | Asi málokoho překvapí, že druh... | 0 | ||
| 9. | Menší kočkovitá šelma margay,... | 0 | ||
| 10. | Svět je opravdu plný paradoxů.... | 0 |